Statistics for One direction songs by first line

Click here to take the quiz!

General Stats

  • This quiz has been taken 283 times
  • The average score is 20 of 30

Answer Stats

Hint Answer % Correct
Do you remember summer '09?Rock me
92%
Written on these walls are the stories that I can't explainStory of my life
90%
Your hand fits in mine like it made just for meLittle Things
89%
Straight off the plane to a new hotelMidnight Memories
85%
Little black dress just walked into the roomLittle Black Dress
84%
Oh I just wanna take you anywhere that you'd like, We can go out any day any nightKiss you
84%
I figured it out, I figured it out from black and whiteYou and I
83%
Hey girl I'm waiting on ya, I'm waiting on ya, come on and let me sneak you outLive while we're young
82%
People say we shouldn't be together, too young to know about foreverThey don't know about us
76%
Better than words, more than a feelingBetter Than Words
74%
Said I'd never leave her, cause her hands fit like my T-shirtOver again
73%
My hands, your hands, tied up like two shipsStrong
72%
If this room was burning, I wouldn't even noticeLittle White Lies
71%
Can't believe your packing your bags,trying so hard not to crySummer Love
68%
Lately I've found my self thinking, been dreaming about you a lotI would
67%
The front pages are your pictures, they make you look so smallDiana
64%
You don't understand, you don't understand what you do to me when you hold his handHappily
61%
The one that I came with, she had to goC'mon C'mon
59%
Baby I, I wanna know, what you think when we're aloneLast First Kiss
57%
So your friends been telling me, you've been sleeping with my sweaterHalf a heart
55%
Baby you got me sick, I don't know what I didHeart Attack
54%
My mother told me I should go and get some therapyAlive
54%
Lights go, down and, the night is calling to meRight Now
53%
Been a lot of places, I've been all around the worldDon't forget where you belong
52%
Whenever I close my eyes I picture you thereBack for you
51%
The end of the night, we should say goodbyeChange my mind
49%
He knows about you in every wayDoes he know?
49%
I know you want, I know you want to take it slowWhy don't we go there
39%
You tell me that your sad and lost your wayThrough the dark
38%
One day you'll come into my world and see it allSomething Great
35%

Score Distribution

Percentile by Number Answered

Percent of People with Each Score

Your Score History

You have not taken this quiz